• 首页
  • 本馆介绍
  • 公告通知
  • 最新文献
  • 馆藏检索
  • 电子资源
  • 读者荐购
  • 参考咨询
  • CALIS
  • 我的图书馆
  • 登录
  • 详细信息显示
  • 放入我的书架
  • 预约/预借图书
  • 作者相关作品
  • 分类相关作品
  • 丛书相关作品
  • 出版社相关作品

书目信息

  • 表格格式
  • 工作单格式
  • 卡片格式
题名:
文坛作家的儿童文学研究
    
 
作者: 朱自强 , 徐德荣 主编
分册:  
出版信息: 北京   中国社会科学出版社  2023.12
页数: 225页
开本: 20cm
丛书名:
单 册:
中图分类: I106.8
科图分类:
主题词: 文学--世界
电子资源:
ISBN: 978-7-5227-2480-5
 
 
 
 
 
000 01068nam0 2200229 450
001 2655692274
005 20260615153131.27
010    @a978-7-5227-2480-5@dCNY85.00
100    @a20260615d2023 km y0chiy0120 ea
101 0  @achi
102    @aCN@b110000
200 1  @a文坛作家的儿童文学研究@AWen Tan Zuo Jia De Er Tong Wen Xue Yan Jiu@f朱自强, 徐德荣主编@FZhu Zi Qiang,Xu De Rong Zhu Bian
210    @a北京@c中国社会科学出版社@d2023.12
215    @a225页@d20cm
330    @a本书通过大量文本细读, 还原文学历史现场, 透视享誉文坛的大作家们儿童文学创作中独到思想与艺术手法, 同时以批判精神, 审视作家作品中的不足之处。 本书既研究鲁迅、冰心和张炜等代表性中国作家的儿童文学书写与背后思想, 又探究吉卜林、莱辛、马克·吐温、川端康成、法郎士、希梅内斯、普利什文和霍夫曼等国外文学大师在儿童文学创作时的独特风姿。
510 1  @a= A study of children's literature by well-known writers
606 0  @a文学@x世界
690    @aI106.8@v4
701  0 @a朱自强@AZhu Zi Qiang@4主编
701  0 @a徐德荣@AXu De Rong@4主编
801  0 @aCN@b河南城建学院图书馆@c20260615
905    @dI106.8@eZ895
    
    文坛作家的儿童文学研究/朱自强, 徐德荣主编.-北京:中国社会科学出版社,2023.12
    225页;20cm
    
    
    ISBN 978-7-5227-2480-5:CNY85.00
    本书通过大量文本细读, 还原文学历史现场, 透视享誉文坛的大作家们儿童文学创作中独到思想与艺术手法, 同时以批判精神, 审视作家作品中的不足之处。 本书既研究鲁迅、冰心和张炜等代表性中国作家的儿童文学书写与背后思想, 又探究吉卜林、莱辛、马克·吐温、川端康成、法郎士、希梅内斯、普利什文和霍夫曼等国外文学大师在儿童文学创作时的独特风姿。
●
相关链接 在E读中查询图书 在当当中查询图书 在豆瓣中查询图书


正题名:文坛作家的儿童文学研究     索取号:I106.8/Z895         预约/预借

序号 登录号 条形码 馆藏地/架位号 状态 备注
1 1556984   215569846   外国语学院资料室/ [索取号:I106.8/Z895] 在馆    
河南城建学院图书馆 欢迎您!
大连网信软件有限公司© 版权所有